000 00688nam a2200193Ii 4500
003 JO-AjNU
008 230605s9999||||xx |||||||||||||| ||und||
040 _aJO-AjNU
_bara
_erda
_cJO-AjNU
041 _aara
050 1 4 _aTK5105.888.2010
100 3 _aاعداد عبدالله، مجدي محمد ,
_eauthor
_944627
245 0 0 _aالانترنت وتصميم صفحة الويب = Internet web design باستخدام لغة HTML
264 3 1 _aالاسكندرية: ماهي للنشر، 2010
300 _a175ص
336 _atext
_btxt
_2rdacontent
337 _aunmediated
_bn
_2rdamedia
338 _avolume
_bnc
_2rdacarrier
650 4 _aمواقع الويب-تصميم
_944628
999 _aA19283
_c22851
_d22851